K 25. výročí Mnichova /

Hlavní autor: Šnejdárek, Antonín, 1916-1982
Jazyk: Čeština
Vydáno: Praha : Československá společnost pro šíření politických a vědeckých znalostí, 1963
Edice: Studijní materiály
Témata:
Fyzický popis: 33 s.
Knihy
Uloženo v:
LEADER 00963nam a22002532a 4500
001 000307735
003 CZ BrMZK
005 20200709144010.0
007 ta
008 980107s1963 xr f cze d
015 |a cnb000519528 
035 |a (OCoLC)85343280 
040 |a BOA001  |b cze 
100 1 |a Šnejdárek, Antonín,  |d 1916-1982  |7 jk01130660  |4 aut 
245 1 0 |a K 25. výročí Mnichova /  |c Antonín Šnejdárek 
260 |a Praha :  |b Československá společnost pro šíření politických a vědeckých znalostí,  |c 1963 
300 |a 33 s. 
490 1 |a Studijní materiály 
830 0 |a Studijní materiály 
910 |a BOA001  |b PK-N-0006.800  |b X2-0501.659 
964 |a Mnichov 1938 - politika mezinárodní - výklady populární 
990 |a BK 
996 6 |b 2618869765  |c X2-0501.659  |l MZK  |r Sklad / do 24 hodin  |n 0  |w 000307735  |u 000020  |a 1  |e BOA001  |j MZK50  |s P 
996 7 |b 3119924625  |c PK-N-0006.800  |l MZK  |r Sklad / do 1 hodiny  |n 0  |w 000307735  |u 000010  |a 1  |e BOA001  |j MZK50  |s A